| 000 | 00889nam a22002057a 4500 | ||
|---|---|---|---|
| 999 |
_c7054 _d7054 |
||
| 003 | AR-CdUCM | ||
| 008 | 190319b ||||| |||| 00| 0 sp d | ||
| 040 |
_aMUNICIPALIDAD PROVINCIAL DEL CUSCO _cBIBLIOTECA MUNICIPAL DEL CUSCO |
||
| 082 |
_a636.084 / _bB81 |
||
| 100 |
_aBrakensiek ,D J. Phipps _919872 |
||
| 245 | _aGuia Autodidacta para la alimentacion de ganado y aves de corral / | ||
| 260 |
_aUruguay : _bHemisferio Sur , |
||
| 300 |
_a163 páginas ; _c20.4 cm. |
||
| 505 | _aContenido : Sugerencias para los docentes -- Sugerencias para los estudiantes -- Formas de emplear el libro -- Seleccion de Alimentos -- Alimentacion de cerdos -- Alimentacion de ganado vacuno para carne -- Alimentacion de ganado lechero... | ||
| 650 |
_aAutodidactica _915067 |
||
| 650 |
_aAlimentacion de Ganado _919873 |
||
| 650 |
_aDietetica Alimentaria _919874 |
||
| 942 |
_2ddc _cLIBROS |
||
| 945 | _artm | ||